Countries Seal has Visited - Statistics

General Stats
  • This quiz has been taken 11 times
  • The average score is 40 of 41
Answer Stats
Continent Country % Correct
South America Argentina
100%
Oceania Australia
100%
Europe Austria
100%
Europe Belgium
100%
South America Brazil
100%
Europe Bulgaria
100%
North America Canada
100%
North America Costa Rica
100%
Europe Estonia
100%
Europe Finland
100%
Europe Hungary
100%
Europe Ireland
100%
Asia Israel
100%
Europe Italy
100%
Europe Latvia
100%
North America Mexico
100%
Europe Netherlands
100%
Europe Norway
100%
Europe Poland
100%
Europe Portugal
100%
Asia/ Europe Russia
100%
Europe Spain
100%
Europe Switzerland
100%
Asia/ Europe Turkey
100%
Europe Ukraine
100%
Asia United Arab Emirates
100%
Europe United Kingdom
100%
North America United States of America
100%
South America Chile
90%
Europe Croatia
90%
Europe Czech Republic
90%
Europe Denmark
90%
Europe France
90%
Europe Germany
90%
Europe Liechtenstein
90%
Europe Luxembourg
90%
Europe Monaco
90%
Asia Singapore
90%
Europe Slovakia
90%
Africa South Africa
90%
Asia Lebanon
70%
No matching quizzes found
Score Distribution
Percent of People with Each Score
Percentile by Number Answered
Your Score History
You have not taken this quiz